| 000 | 00498nam a2200205Ia 4500 | ||
|---|---|---|---|
| 008 | 170918s9999 xx 000 0 und d | ||
| 020 | _a9780545223195 | ||
| 050 | _bB852 2011 | ||
| 100 | _aBridwell, Norman | ||
| 245 | _aClifford's class trip / | ||
| 245 | _cby Norman Bridwell. | ||
| 260 | _aNew York : | ||
| 260 | _bScholastic, | ||
| 260 | _c2011 | ||
| 300 | _aunpaged : | ||
| 300 | _bcolor illustration ; | ||
| 300 | _c23cm. | ||
| 300 | _eClifford the big red dog. | ||
| 500 | _a170 | ||
| 999 |
_c343252 _d343252 |
||